[Event "25th International Tournament Nikaia"]
[Site "Nikaia"]
[Date "2017.08.31"]
[Round "6.8"]
[White "Kofidis, Andreas"]
[Black "Grigoriadis, Mihail"]
[Result "1-0"]
[WhiteElo "2345"]
[BlackElo "2102"]
[PlyCount "97"]
[EventDate "2017.08.26"]

1. e4 c5 2. Nf3 d6 3. d4 cxd4 4. Nxd4 Nf6 5. Nc3 a6 6. Bc4 e6 7. O-O Be7 8. Be3
O-O 9. f4 Qc7 10. Bb3 Nbd7 11. f5 Nc5 12. Qf3 Kh8 13. g4 Nfd7 14. g5 g6 15. Rf2
b5 16. a3 Nxb3 17. cxb3 Ne5 18. Qh3 h5 19. f6 Bd8 20. Rf4 Kh7 21. Rh4 Rh8 22.
Rf1 Kg8 23. Kh1 Ng4 24. Nde2 Qb7 25. Qf3 Bb6 26. Bd4 Bd7 27. h3 Ne5 28. Qe3 Bc7
29. Nf4 Kf8 30. Nd3 Nc6 31. Ne2 Rc8 32. Bc3 a5 33. b4 a4 34. Rhf4 d5 35. exd5
Bxf4 36. Nexf4 exd5 37. Qc5+ Kg8 38. Qxd5 Nd8 39. Qxb7 Nxb7 40. Nxg6 Kh7 41.
Ne7 Bxh3 42. Rf2 Rc4 43. Rh2 Bg4 44. Ne5 Rd8 45. Nxf7 Bf3+ 46. Kg1 Rg8 47. g6+
Rxg6+ 48. Nxg6 Rg4+ 49. Kf2 1-0

[Event "25th International Tournament Nikaia"]
[Site "Nikaia"]
[Date "2017.08.31"]
[Round "6.9"]
[White "Poulopoulos, Ioannis"]
[Black "Finokaliotis, Georgios"]
[Result "1-0"]
[WhiteElo "2290"]
[BlackElo "2059"]
[PlyCount "69"]
[EventDate "2017.08.26"]

1. c4 c5 2. Nc3 Nc6 3. g3 g6 4. Bg2 Bg7 5. e4 d6 6. d3 e5 7. Nge2 Nge7 8. O-O
O-O 9. Nd5 Nxd5 10. cxd5 Nd4 11. Nxd4 cxd4 12. f4 f5 13. fxe5 dxe5 14. Qb3 Qb6
15. Bg5 Bd7 16. Be7 Rfc8 17. d6+ Qxb3 18. axb3 f4 19. gxf4 Rc2 20. Rfc1 Rxc1+
21. Rxc1 Rc8 22. Rxc8+ Bxc8 23. f5 Kf7 24. Bh3 gxf5 25. Bxf5 Be6 26. Bxh7 Bf6
27. Bxf6 Kxf6 28. b4 Bb3 29. Kf2 Bc2 30. Ke2 Ke6 31. Bg8+ Kxd6 32. b3 b5 33.
Kd2 Bb1 34. h4 Ke7 35. Bd5 1-0

[Event "25th International Tournament Nikaia"]
[Site "Nikaia"]
[Date "2017.08.31"]
[Round "6.10"]
[White "Tetepoulidis, Ioannis"]
[Black "Megalios, Konstantinos"]
[Result "0-1"]
[WhiteElo "2078"]
[BlackElo "2233"]
[PlyCount "96"]
[EventDate "2017.08.26"]

1. e4 e5 2. Nf3 Nc6 3. Bb5 a6 4. Ba4 Nf6 5. O-O Be7 6. Re1 b5 7. Bb3 d6 8. a4
Bd7 9. c3 O-O 10. d3 Na5 11. Bc2 c5 12. Nbd2 Qc7 13. Nf1 Rfc8 14. Ne3 Rab8 15.
axb5 axb5 16. Nh4 b4 17. Nef5 Bf8 18. Bg5 Ne8 19. Ba4 Bxa4 20. Qxa4 bxc3 21.
bxc3 Nb3 22. Rab1 c4 23. Ne3 f6 24. Nd5 Qa5 25. Qxa5 Nxa5 26. Be3 cxd3 27. Rbd1
Nc4 28. Rxd3 Nc7 29. Bc1 Rb1 30. Kf1 Nxd5 31. Rxd5 Ra8 32. Bd2 Rb2 33. Rd1 Raa2
34. Be1 Re2 35. Nf3 Rxe4 36. Nd2 Nxd2+ 37. Bxd2 Kf7 38. f3 Rea4 39. Rb5 Rc2 40.
Ke2 Ke6 41. Kd3 Raa2 42. c4 f5 43. Bb4 Rxg2 44. Rb6 Raf2 45. c5 Rxf3+ 46. Kc4
Rg4+ 47. Kb5 Rb3 48. Ka4 Rgxb4+ 0-1

[Event "25th International Tournament Nikaia"]
[Site "Nikaia"]
[Date "2017.08.31"]
[Round "6.11"]
[White "Nikolaidis, Konstantinos"]
[Black "Gripeos, Kiriakos"]
[Result "1-0"]
[WhiteElo "2227"]
[BlackElo "2040"]
[PlyCount "55"]
[EventDate "2017.08.26"]

1. d4 Nf6 2. c4 g6 3. Nc3 Bg7 4. e4 d6 5. Be2 O-O 6. Be3 e5 7. d5 Na6 8. g4 Nc5
9. Bf3 h5 10. gxh5 Nxh5 11. Bxh5 gxh5 12. Bxc5 dxc5 13. Qxh5 f5 14. Nf3 fxe4
15. Nxe4 Bf5 16. Nfg5 Qe7 17. Rg1 a5 18. Ng3 Qf6 19. N5e4 Qg6 20. Nxc5 Qh7 21.
Qxh7+ Kxh7 22. Nxf5 Rxf5 23. Ne6 Bf8 24. Ke2 b6 25. Rg4 Rh5 26. Rag1 Rxh2 27.
Rg8 Rh1 28. Rxf8 1-0

[Event "25th International Tournament Nikaia"]
[Site "Nikaia"]
[Date "2017.08.31"]
[Round "6.13"]
[White "Kouvatsos, Filippos"]
[Black "Triantos, Konstantinos"]
[Result "1/2-1/2"]
[WhiteElo "2159"]
[BlackElo "1986"]
[PlyCount "104"]
[EventDate "2017.08.26"]

1. d4 Nf6 2. c4 e6 3. g3 d5 4. Bg2 Be7 5. Nf3 c6 6. Qc2 b6 7. O-O O-O 8. b3
Nbd7 9. Bb2 Bb7 10. Nbd2 c5 11. cxd5 Bxd5 12. e4 Bb7 13. Rfd1 Rc8 14. Qd3 cxd4
15. e5 Nd5 16. Qxd4 Qc7 17. Nc4 Qb8 18. Nd6 Bxd6 19. exd6 f6 20. Ng5 Qxd6 21.
Nxe6 Qxe6 22. Bxd5 Bxd5 23. Qxd5 Qxd5 24. Rxd5 Nc5 25. Rad1 Rfe8 26. R1d2 Kf7
27. f3 Re7 28. Kf2 Rcc7 29. b4 Na4 30. Bd4 Nc3 31. Rd8 Nb1 32. Rb2 Rcd7 33.
Rxd7 Rxd7 34. Be3 Nc3 35. Rc2 Nd1+ 36. Ke2 Re7 37. Kxd1 Rxe3 38. Rc7+ Re7 39.
Rc3 Ke6 40. Kc2 Kd5 41. Kd3 g6 42. a4 f5 43. a5 bxa5 44. Rc5+ Kd6 45. Rxa5 Kc6
46. h4 Kb6 47. h5 Re1 48. g4 fxg4 49. fxg4 Rg1 50. hxg6 Rxg4 51. gxh7 Rh4 52.
Rg5 Rxh7 1/2-1/2

[Event "25th International Tournament Nikaia"]
[Site "Nikaia"]
[Date "2017.08.31"]
[Round "6.14"]
[White "Beliotis, Georgios"]
[Black "Bouboulis, Spyridon-Odysseys"]
[Result "1-0"]
[WhiteElo "2157"]
[BlackElo "1949"]
[PlyCount "69"]
[EventDate "2017.08.26"]

1. e4 c5 2. Nf3 e6 3. d4 cxd4 4. Nxd4 a6 5. c4 Nf6 6. Nc3 Bb4 7. Qd3 Nc6 8.
Nxc6 dxc6 9. e5 Qxd3 10. Bxd3 Nd7 11. f4 b6 12. Bd2 Kd8 13. a3 Bxc3 14. Bxc3
Bb7 15. O-O-O Kc7 16. Bc2 Rad8 17. Rd6 c5 18. Rhd1 h5 19. b4 cxb4 20. axb4 Nb8
21. Bd4 Nc6 22. Be3 b5 23. cxb5 axb5 24. Bc5 Rxd6 25. exd6+ Kd7 26. Bd3 Ba6 27.
Kb2 Nb8 28. Ra1 Kc6 29. Be4+ Kd7 30. Ba7 f5 31. Bf3 Nc6 32. Bxc6+ Kxc6 33.
Rxa6+ Kb7 34. Ra1 Ra8 35. d7 1-0

[Event "25th International Tournament Nikaia"]
[Site "Nikaia"]
[Date "2017.08.31"]
[Round "6.15"]
[White "Mavrikakis, Georgios"]
[Black "Tsivelekidou, Evgenia"]
[Result "1-0"]
[WhiteElo "2107"]
[BlackElo "1789"]
[PlyCount "67"]
[EventDate "2017.08.26"]

1. e4 c6 2. Nc3 d5 3. Nf3 Bg4 4. h3 Bxf3 5. Qxf3 Nf6 6. d3 e6 7. Bd2 Bb4 8. g4
Qb6 9. O-O-O d4 10. Nb1 Nbd7 11. Be2 Bxd2+ 12. Nxd2 Qa5 13. Kb1 b5 14. g5 Ng8
15. Qg4 Ne7 16. f4 Nc5 17. Bf3 Rb8 18. f5 Rb6 19. Nb3 Nxb3 20. cxb3 c5 21. Qf4
O-O 22. Qc7 Ra6 23. Qxa5 Rxa5 24. Rc1 b4 25. fxe6 fxe6 26. Bg4 e5 27. Be6+ Kh8
28. Rhf1 Rd8 29. Rf7 Ng6 30. Bc4 Nf4 31. Rf1 Re8 32. h4 h6 33. gxh6 gxh6 34.
Rg1 1-0

[Event "25th International Tournament Nikaia"]
[Site "Nikaia"]
[Date "2017.08.31"]
[Round "6.16"]
[White "Papadimitriou, Loukas"]
[Black "Bousios, Hristos"]
[Result "1/2-1/2"]
[WhiteElo "2069"]
[BlackElo "2219"]
[PlyCount "156"]
[EventDate "2017.08.26"]

1. d4 g6 2. c4 Bg7 3. e4 Nc6 4. Nf3 d6 5. d5 Ne5 6. Nxe5 Bxe5 7. Nc3 c6 8. Bd3
cxd5 9. cxd5 a6 10. O-O b5 11. h3 Bg7 12. Qb3 Nf6 13. Be3 O-O 14. a4 Bd7 15.
axb5 axb5 16. Ra3 b4 17. Qxb4 Rb8 18. Qc4 Rxb2 19. Rb1 Rxb1+ 20. Nxb1 Qc8 21.
Nd2 Qxc4 22. Bxc4 Rc8 23. Ra7 h6 24. f3 Kf8 25. Kf2 Be8 26. Ba6 Rb8 27. Bb7 Nd7
28. Nb3 Ne5 29. Na5 Nd3+ 30. Ke2 Bb5 31. Bc6 Nf4+ 32. Kf2 Be5 33. Bb7 g5 34.
Nc6 Re8 35. Nxe5 dxe5 36. g3 Ng6 37. Bc5 Kg7 38. Ke3 Kf6 39. Bb4 Rd8 40. Ba5
Rd7 41. Bb6 Bf1 42. Bc8 Rxa7 43. Bxa7 h5 44. Kf2 Bb5 45. Bf5 Nf8 46. h4 gxh4
47. gxh4 Bd7 48. Bxd7 Nxd7 49. Kg3 Kg6 50. Be3 f6 51. Kf2 Nf8 52. Bc5 Kf7 53.
Be3 Ng6 54. Kg3 Ke8 55. Bd2 Kd7 56. Bc1 Kc7 57. Be3 Kb7 58. Bc5 Kc7 59. Be3 Kd7
60. Bd2 e6 61. dxe6+ Kxe6 62. Bc1 Ne7 63. Kf2 Nc6 64. Be3 Kd6 65. Bb6 Kd7 66.
Bc5 Nd8 67. Ke2 Ne6 68. Be3 Kc6 69. Kf2 Kb5 70. Bc1 Kb4 71. Bd2+ Kc4 72. Bc1
Nf4 73. Ba3 Ng6 74. Kg3 Kd3 75. Bc1 Nf8 76. Ba3 Nd7 77. Be7 Ke3 78. Bd8 Kd4
1/2-1/2

[Event "25th International Tournament Nikaia"]
[Site "Nikaia"]
[Date "2017.08.31"]
[Round "6.17"]
[White "Papadopoulos, Asterios"]
[Black "Loutragotis, Dimitrios"]
[Result "0-1"]
[WhiteElo "1932"]
[BlackElo "2194"]
[PlyCount "126"]
[EventDate "2017.08.26"]

1. e4 e5 2. Nf3 Nc6 3. Bb5 a6 4. Ba4 Nf6 5. d3 d6 6. c3 Bd7 7. O-O g6 8. Re1
Bg7 9. d4 O-O 10. Nbd2 Nh5 11. Nf1 h6 12. Ng3 Nxg3 13. hxg3 b5 14. Bc2 Bg4 15.
Be3 exd4 16. Bxd4 Bxd4 17. cxd4 Qf6 18. d5 Ne5 19. Re3 Nc4 20. Rb3 Rab8 21. Qd4
Qe7 22. Nd2 Qe5 23. Qxe5 Nxe5 24. Bd1 Bd7 25. f4 Nc4 26. Nxc4 bxc4 27. Rc3 Rxb2
28. Rxc4 Rc8 29. Ba4 Bb5 30. Bxb5 axb5 31. Rc6 Re8 32. a4 Rxe4 33. axb5 Rxb5
34. Rxc7 Rxd5 35. Raa7 Rf5 36. Rd7 Rd4 37. Ra6 Rfd5 38. Ra8+ Kg7 39. Raa7 Rf5
40. Ra6 Rfd5 41. Raa7 Rf5 42. Ra6 d5 43. Rad6 Rd3 44. Kh2 Rd1 45. Kh3 Rh5+ 46.
Kg4 Rd3 47. Ra6 Rh1 48. f5 Rd4+ 49. Kf3 Rf1+ 50. Ke3 Re4+ 51. Kd3 Rxf5 52. Rxd5
Rfe5 53. Rxe5 Rxe5 54. g4 Re6 55. Rxe6 fxe6 56. g5 hxg5 57. g4 Kf6 58. Ke4 Kf7
59. Kd4 Ke8 60. Kc5 Kd7 61. Kc4 Kd6 62. Kd4 e5+ 63. Kc4 Kc6 0-1

[Event "25th International Tournament Nikaia"]
[Site "Nikaia"]
[Date "2017.08.31"]
[Round "6.18"]
[White "Krallis, Christos"]
[Black "Katsivardas, Eleftherios"]
[Result "1-0"]
[WhiteElo "2148"]
[BlackElo "1878"]
[PlyCount "75"]
[EventDate "2017.08.26"]

1. e4 e6 2. d4 d5 3. Nd2 dxe4 4. Nxe4 Nd7 5. Nf3 Ngf6 6. Bd3 b6 7. Qe2 Bb7 8.
Bd2 Be7 9. O-O-O O-O 10. Rhe1 c5 11. Neg5 Kh8 12. Ne5 Qe8 13. Nexf7+ Rxf7 14.
Qxe6 Rf8 15. Qxe7 Qxe7 16. Rxe7 cxd4 17. Nf7+ Kg8 18. Bc4 b5 19. Bb3 Nc5 20.
Rxb7 Nxb7 21. Nd6+ Kh8 22. Nxb7 Rab8 23. Nd6 Rb6 24. Bb4 Ra8 25. Bc5 Rbb8 26.
Rxd4 h6 27. c3 a5 28. Rf4 Ra6 29. Nf5 a4 30. Bc2 Kg8 31. Bd4 Kf7 32. Ne3 b4 33.
Bxf6 Rxf6 34. Rxf6+ gxf6 35. Bxa4 bxc3 36. Bb3+ Kg6 37. bxc3 h5 38. c4 1-0

[Event "25th International Tournament Nikaia"]
[Site "Nikaia"]
[Date "2017.08.31"]
[Round "6.19"]
[White "Leftheriotis, Alexandros"]
[Black "Kosmas-Lekkas, Dimitrios"]
[Result "0-1"]
[WhiteElo "1923"]
[BlackElo "2143"]
[PlyCount "104"]
[EventDate "2017.08.26"]

1. e4 e5 2. Nf3 Nc6 3. d4 exd4 4. Nxd4 Nf6 5. Nxc6 bxc6 6. e5 Qe7 7. Qe2 Nd5 8.
c4 Nb6 9. Nc3 Ba6 10. Qe4 Qe6 11. b3 Bb4 12. Bd2 Bxc3 13. Bxc3 d5 14. Qh4 dxc4
15. Rc1 Qg6 16. g3 f6 17. bxc4 O-O-O 18. Bh3+ Kb7 19. O-O Bxc4 20. Rfe1 fxe5
21. Bxe5 Bxa2 22. Qe7 Qf7 23. Bxc7 Rhe8 24. Bd6+ Rxe7 25. Rxe7+ Qxe7 26. Bxe7
Re8 27. Bc5 Bd5 28. Bf5 g6 29. Bd3 Nd7 30. Bd6 Re6 31. Rb1+ Nb6 32. Bc5 Be4 33.
Re1 Bf5 34. Rxe6 Bxe6 35. h4 Nd7 36. Bd4 c5 37. Bc3 Kc6 38. f3 c4 39. Bc2 Kc5
40. g4 Nb6 41. h5 Bf7 42. g5 Nd5 43. Be5 c3 44. Be4 Kc4 45. f4 Ne3 46. h6 a5
47. Bd6 Kb3 48. Bc5 Nd1 49. f5 gxf5 50. Bxf5 c2 51. g6 c1=Q 52. gxh7 Qxc5+ 0-1

[Event "25th International Tournament Nikaia"]
[Site "Nikaia"]
[Date "2017.08.31"]
[Round "6.20"]
[White "Makka, Evanthia"]
[Black "Kasioumis, Vasilios"]
[Result "1-0"]
[WhiteElo "2093"]
[BlackElo "1938"]
[PlyCount "120"]
[EventDate "2017.08.26"]

1. Nf3 d5 2. g3 Nf6 3. Bg2 c6 4. O-O Bg4 5. d3 Nbd7 6. h3 Bxf3 7. Bxf3 e5 8. c4
Bc5 9. cxd5 cxd5 10. Nc3 Nb6 11. Na4 Nxa4 12. Qxa4+ Qd7 13. Qxd7+ Kxd7 14. Bg5
Ke6 15. Rac1 Bd6 16. Bxf6 gxf6 17. e4 d4 18. Bg4+ Ke7 19. Rc4 a5 20. a3 Ra6 21.
Rfc1 Rb6 22. R1c2 Rb3 23. Rd2 Ra8 24. Kg2 Kf8 25. Bd1 Rb6 26. Ba4 Kg7 27. Rdc2
Kg6 28. Kf1 f5 29. f3 Rg8 30. Bd7 fxe4 31. fxe4 Kf6 32. Kg2 Ke7 33. Bf5 h6 34.
Rd2 Rb3 35. Rc1 Ra8 36. Bg4 Rg8 37. Rf1 f6 38. Rf5 Rg5 39. Rf1 Rg8 40. Bd1 Rb6
41. h4 Kf7 42. Rf5 Ke6 43. b4 Ke7 44. bxa5 Rb5 45. Rdf2 Rf8 46. Rh5 Rxa5 47. a4
Rh8 48. Rb2 Ra7 49. g4 Ba3 50. Rb5 Bc1 51. Rf5 Be3 52. Rb6 Rf8 53. Bb3 Ra6 54.
Rxb7+ Kd6 55. Rf1 Kc5 56. Rb1 Rfa8 57. Bd5 R8a7 58. R1b5+ Kd6 59. a5 Rxa5 60.
R5b6+ Kc5 1-0

[Event "25th International Tournament Nikaia"]
[Site "Nikaia"]
[Date "2017.09.01"]
[Round "7.1"]
[White "Kouskoutis, Georgios-Alexandro"]
[Black "Alexiadis, Hristos"]
[Result "1/2-1/2"]
[WhiteElo "2270"]
[BlackElo "2237"]
[PlyCount "101"]
[EventDate "2017.08.26"]

1. c4 e5 2. g3 c6 3. Bg2 Nf6 4. Nf3 e4 5. Nd4 d5 6. d3 Bc5 7. Nb3 Bb4+ 8. Bd2
Bxd2+ 9. Qxd2 dxc4 10. dxc4 Qe7 11. Nc3 O-O 12. Qe3 Re8 13. O-O Bf5 14. h3 h6
15. Rfd1 Nbd7 16. Rac1 Nb6 17. Nd4 Bg6 18. b3 Qc7 19. Nc2 a5 20. Rd4 Nbd7 21.
Rcd1 Nc5 22. Rd6 Nd3 23. Qd4 c5 24. Nb5 Qe7 25. Qe3 Nb4 26. Nxb4 axb4 27. R1d2
Rac8 28. Qf4 Nh5 29. Qe3 Nf6 30. Rxf6 Qxf6 31. Nd6 b6 32. Nxc8 Rxc8 33. Bxe4
Re8 34. f3 Qa1+ 35. Kg2 Qc3 36. Rd3 Qf6 37. Qf4 Bxe4 38. Qxf6 gxf6 39. fxe4
Rxe4 40. Kf3 Re6 41. e4 Kg7 42. Rd7 Re8 43. Kf4 Ra8 44. Rd2 Re8 45. g4 Kg6 46.
h4 Kg7 47. Ke3 Ra8 48. Kf3 Re8 49. Ke3 Ra8 50. Kf3 Re8 51. e5 1/2-1/2

[Event "25th International Tournament Nikaia"]
[Site "Nikaia"]
[Date "2017.09.01"]
[Round "7.2"]
[White "Nikolaidis, Ioannis"]
[Black "Skaperdas, Kostantinos"]
[Result "1-0"]
[WhiteElo "2561"]
[BlackElo "2200"]
[PlyCount "89"]
[EventDate "2017.08.26"]

1. e4 e6 2. d4 d5 3. Nd2 c5 4. Ngf3 Nc6 5. exd5 exd5 6. Bb5 Qe7+ 7. Be2 Qc7 8.
O-O cxd4 9. Nb3 Nf6 10. Nbxd4 a6 11. Nxc6 bxc6 12. c4 Bd6 13. Bg5 Ne4 14. Be3
Be6 15. Rc1 O-O 16. cxd5 Bxd5 17. Bc4 Qa5 18. Qc2 Nf6 19. Bxd5 cxd5 20. a3 Ne4
21. Rfd1 Qb5 22. g3 Rab8 23. b4 Qb7 24. Qc6 a5 25. bxa5 Bxa3 26. a6 Qa8 27.
Qxa8 Rxa8 28. Rc6 Rfd8 29. Rb1 d4 30. Nxd4 Bc5 31. Nf5 Bxe3 32. Nxe3 Nd2 33.
Rb7 Nf3+ 34. Kg2 Ne5 35. Rc5 Nd3 36. Ra5 g6 37. a7 Ne1+ 38. Kf1 Nf3 39. Rd5
Rdc8 40. Ke2 Ng1+ 41. Kd1 Kg7 42. Rdd7 Rd8 43. Rxd8 Rxd8+ 44. Kc2 Nf3 45. Rb8
1-0

[Event "25th International Tournament Nikaia"]
[Site "Nikaia"]
[Date "2017.09.01"]
[Round "7.3"]
[White "Stathopoulos, Ioannis"]
[Black "Nikolaou, Spiridon"]
[Result "1-0"]
[WhiteElo "2323"]
[BlackElo "2196"]
[PlyCount "57"]
[EventDate "2017.08.26"]

1. d4 Nf6 2. c4 g6 3. Nc3 Bg7 4. e4 O-O 5. Nf3 d6 6. Be2 e5 7. d5 Na6 8. Bg5
Qe8 9. Nd2 c6 10. O-O Nd7 11. Nb3 f6 12. dxc6 bxc6 13. Be3 f5 14. Na5 f4 15.
Bc1 Ndc5 16. b4 Ne6 17. b5 Nb8 18. Ba3 Qd8 19. Nxc6 Nxc6 20. bxc6 Qa5 21. Bb2
Rb8 22. Nb5 a6 23. Bc3 Qb6 24. Nxd6 Rd8 25. Qd5 Qc7 26. c5 Kf8 27. Bxe5 Nxc5
28. Bxg7+ Kxg7 29. Qe5+ 1-0

[Event "25th International Tournament Nikaia"]
[Site "Nikaia"]
[Date "2017.09.01"]
[Round "7.4"]
[White "Grigoriadis, Alexandros"]
[Black "Kofidis, Andreas"]
[Result "1-0"]
[WhiteElo "2189"]
[BlackElo "2345"]
[PlyCount "121"]
[EventDate "2017.08.26"]

1. c4 e5 2. Nc3 Nc6 3. Nf3 Nf6 4. a3 g6 5. g3 Bg7 6. Bg2 O-O 7. d3 d6 8. O-O
Bf5 9. Bg5 h6 10. Bxf6 Bxf6 11. Nd2 Bg7 12. Rb1 Qd7 13. b4 Bh3 14. Bxh3 Qxh3
15. b5 Ne7 16. Nd5 Qd7 17. Nxe7+ Qxe7 18. Qb3 Kh8 19. Rbc1 f5 20. Nb1 h5 21.
Nc3 h4 22. Nd5 Qf7 23. gxh4 Bh6 24. Rb1 c6 25. bxc6 bxc6 26. Nc3 Rac8 27. Kh1
Rc7 28. Rg1 Qf6 29. Rg2 Qxh4 30. Qb4 Qf6 31. Rbg1 g5 32. e4 f4 33. f3 Rg8 34.
Nd1 Qe7 35. Nf2 Rb7 36. Qa4 Qd7 37. Ng4 Rg6 38. Qa5 Bg7 39. Qc3 Re6 40. Rb2 Re8
41. Rxb7 Qxb7 42. Qc2 Rb8 43. Qg2 Kh7 44. c5 Kg8 45. cxd6 Qd7 46. d4 Qxd6 47.
Nxe5 Rb7 48. Qxg5 Qxd4 49. Qf5 Qd8 50. Qe6+ Kh7 51. Qg6+ Kg8 52. Qxc6 Rb6 53.
Qc4+ Kh7 54. Qf7 Qf6 55. Qh5+ Qh6 56. Qf5+ Kg8 57. Qf7+ Kh7 58. Nd7 Rb2 59.
Rxg7+ Qxg7 60. Nf6+ Kh6 61. Qh5# 1-0

[Event "25th International Tournament Nikaia"]
[Site "Nikaia"]
[Date "2017.09.01"]
[Round "7.5"]
[White "Gogolis, Alexandros"]
[Black "Poulopoulos, Ioannis"]
[Result "1/2-1/2"]
[WhiteElo "2190"]
[BlackElo "2290"]
[PlyCount "33"]
[EventDate "2017.08.26"]

1. d4 Nf6 2. Nf3 d5 3. c4 c6 4. cxd5 cxd5 5. Nc3 Nc6 6. Bf4 Bg4 7. Ne5 Nh5 8.
Nxg4 Nxf4 9. e3 Ng6 10. Qb3 Qd7 11. Ne5 Ngxe5 12. dxe5 e6 13. Bb5 a6 14. Bxc6
Qxc6 15. O-O Be7 16. Rac1 b5 17. Ne2 1/2-1/2

[Event "25th International Tournament Nikaia"]
[Site "Nikaia"]
[Date "2017.09.01"]
[Round "7.6"]
[White "Megalios, Konstantinos"]
[Black "Mavrikakis, Georgios"]
[Result "1/2-1/2"]
[WhiteElo "2233"]
[BlackElo "2107"]
[PlyCount "41"]
[EventDate "2017.08.26"]

1. d4 f5 2. Bg5 Nf6 3. Bxf6 exf6 4. e3 d5 5. c4 Be6 6. Qb3 Nc6 7. Nc3 Bb4 8.
Bd3 f4 9. O-O-O Bxc3 10. Qxc3 dxc4 11. d5 cxd3 12. dxc6 Qd5 13. Ne2 Qxc6 14.
Qxc6+ bxc6 15. Nxf4 Bxa2 16. Rxd3 Bf7 17. Rc3 O-O-O 18. Rxc6 Kb7 19. Rc3 Rd6
20. Rd1 Rhd8 21. Rxd6 1/2-1/2

[Event "25th International Tournament Nikaia"]
[Site "Nikaia"]
[Date "2017.09.01"]
[Round "7.8"]
[White "Karagiannis, Athanasios"]
[Black "Pountzas, Hrisanthos"]
[Result "0-1"]
[WhiteElo "2220"]
[BlackElo "2058"]
[PlyCount "65"]
[EventDate "2017.08.26"]

1. d4 Nf6 2. Nc3 d5 3. Bg5 Nbd7 4. f3 c5 5. e4 cxd4 6. Qxd4 e5 7. Qa4 d4 8. Nd5
Be7 9. Nxe7 Qxe7 10. Ne2 O-O 11. Ng3 Nb6 12. Qa5 h6 13. Bc1 Qc7 14. Bd3 Be6 15.
O-O Rac8 16. b3 Nbd7 17. Qe1 Nc5 18. f4 Nxd3 19. cxd3 Qc3 20. Bd2 Qxd3 21. fxe5
Ng4 22. Rf3 Qb5 23. Nf5 Rc2 24. Rg3 h5 25. Rxg4 Bxf5 26. Rxg7+ Kxg7 27. exf5
Qd3 28. Bb4 Rfc8 29. f6+ Kg6 30. Rd1 Qxd1 31. Qxd1 Rc1 32. Qf1 R8c2 33. h4 0-1

[Event "25th International Tournament Nikaia"]
[Site "Nikaia"]
[Date "2017.09.01"]
[Round "7.9"]
[White "Loutragotis, Dimitrios"]
[Black "Beliotis, Georgios"]
[Result "1/2-1/2"]
[WhiteElo "2194"]
[BlackElo "2157"]
[PlyCount "140"]
[EventDate "2017.08.26"]

1. e4 e5 2. Nf3 Nc6 3. Bc4 Bc5 4. b4 Bxb4 5. c3 Be7 6. d4 Na5 7. Be2 d6 8. dxe5
dxe5 9. Qa4+ c6 10. Nxe5 Nf6 11. O-O b5 12. Qc2 Qc7 13. Nf3 O-O 14. Nbd2 Bg4
15. c4 b4 16. Bb2 Nd7 17. e5 c5 18. Bd3 h6 19. Bf5 Bxf5 20. Qxf5 Qc6 21. Rfe1
Nb6 22. Rac1 Qe6 23. Qf4 Rfd8 24. Ba1 Rd7 25. Ne4 Qg6 26. e6 Rdd8 27. Nh4 Bxh4
28. Qxh4 Naxc4 29. Nxc5 Nd6 30. exf7+ Nxf7 31. Qxb4 Nd5 32. Qe4 Qxe4 33. Nxe4
Nf4 34. Rcd1 Nd3 35. Rf1 Nfe5 36. Bxe5 Nxe5 37. h3 Rac8 38. Rxd8+ Rxd8 39. Re1
Rd4 40. Re2 Nd3 41. Rd2 Rxe4 42. Rxd3 Re1+ 43. Kh2 Re2 44. Ra3 Rxf2 45. Rxa7
Kh7 46. Ra6 Rb2 47. Kg3 Rc2 48. a4 Ra2 49. a5 Ra4 50. Ra8 Kg6 51. a6 Kg5 52.
Kf3 g6 53. a7 Ra3+ 54. Kf2 Ra2+ 55. Kf3 Ra3+ 56. Ke4 Kh4 57. Rg8 Rxa7 58. Rxg6
Kh5 59. Rd6 Ra4+ 60. Kf3 Ra3+ 61. Kf4 Ra4+ 62. Kf5 Ra5+ 63. Kf6 Rb5 64. Re6 Rb3
65. Re5+ Kh4 66. Re4+ Kh5 67. g4+ Kh4 68. g5+ Kh5 69. gxh6 Rb6+ 70. Kf5 Kxh6
1/2-1/2

[Event "25th International Tournament Nikaia"]
[Site "Nikaia"]
[Date "2017.09.01"]
[Round "7.10"]
[White "Papadimitriou, Loukas"]
[Black "Gazis, Efstathios"]
[Result "0-1"]
[WhiteElo "2069"]
[BlackElo "2212"]
[PlyCount "98"]
[EventDate "2017.08.26"]

1. d4 Nf6 2. c4 e6 3. Nc3 Bb4 4. e3 b6 5. Nge2 c5 6. a3 Ba5 7. Rb1 Na6 8. g3
Bb7 9. d5 b5 10. Bg2 bxc4 11. O-O O-O 12. e4 d6 13. Bg5 exd5 14. Nxd5 Bxd5 15.
exd5 h6 16. Bxf6 Qxf6 17. Qa4 Qd8 18. Qxc4 Nc7 19. b4 Bb6 20. Nf4 cxb4 21. axb4
Re8 22. h4 Qf6 23. Rbd1 Rac8 24. Qd3 Na8 25. Rc1 Rxc1 26. Rxc1 Qb2 27. Rc2 Qxb4
28. Bh3 Bc5 29. Bf5 Nb6 30. Re2 Re5 31. Kg2 Qc4 32. Be4 Kf8 33. Qf3 Ke8 34. Ne6
fxe6 35. Bg6+ Kd8 36. Qf8+ Kc7 37. Qf7+ Kb8 38. Rxe5 dxe5 39. dxe6 Qd5+ 40. f3
Qd2+ 41. Kh3 Qd6 42. Qe8+ Kc7 43. Be4 a5 44. g4 a4 45. Qb5 a3 46. Qa5 Kd8 47.
Bf5 e4 48. Bxe4 Bg1 49. g5 h5 0-1

[Event "25th International Tournament Nikaia"]
[Site "Nikaia"]
[Date "2017.09.01"]
[Round "7.11"]
[White "Georgiou, Kostantinos"]
[Black "Gkikas, Hristos"]
[Result "1-0"]
[WhiteElo "2162"]
[BlackElo "2042"]
[PlyCount "57"]
[EventDate "2017.08.26"]

1. e4 e5 2. Nf3 Nc6 3. d4 exd4 4. Nxd4 Bc5 5. Nb3 Bb6 6. Nc3 Nf6 7. Qe2 d6 8.
Be3 Be6 9. O-O-O Bxe3+ 10. Qxe3 Ng4 11. Qg3 h5 12. f4 h4 13. Qf3 Nh6 14. h3
Bxb3 15. axb3 Qd7 16. Bb5 O-O-O 17. Nd5 a6 18. Bxc6 bxc6 19. Nb4 Kb7 20. Rhe1
Rhe8 21. Qc3 f6 22. Nd3 Qc8 23. Qc4 Qe6 24. Qxe6 Rxe6 25. Nc5+ dxc5 26. Rxd8
Nf5 27. Rh8 Kb6 28. c3 Kb5 29. Rb8+ 1-0

[Event "25th International Tournament Nikaia"]
[Site "Nikaia"]
[Date "2017.09.01"]
[Round "7.12"]
[White "Samaridis, Konstantinos"]
[Black "Kouvatsos, Filippos"]
[Result "0-1"]
[WhiteElo "2057"]
[BlackElo "2159"]
[PlyCount "70"]
[EventDate "2017.08.26"]

1. e4 c6 2. d4 d5 3. Nd2 a6 4. Ngf3 Bg4 5. Be2 e6 6. O-O Nd7 7. h3 Bh5 8. c3
Bg6 9. Bd3 Ngf6 10. Re1 dxe4 11. Nxe4 Nxe4 12. Bxe4 Bxe4 13. Rxe4 Nf6 14. Bg5
Be7 15. Bxf6 Bxf6 16. Qb3 Qc7 17. Ne5 O-O 18. f4 c5 19. Qc4 Bxe5 20. Rxe5 Qb6
21. b4 cxd4 22. cxd4 Rfd8 23. Rd1 g6 24. Kf2 Qd6 25. Ke3 b6 26. d5 a5 27. a3
axb4 28. axb4 Rdc8 29. Qd4 Ra3+ 30. Rd3 Rxd3+ 31. Kxd3 Qc7 32. Ke2 Qc2+ 33. Qd2
exd5 34. Rxd5 Qe4+ 35. Kf1 Qb1+ 0-1

[Event "25th International Tournament Nikaia"]
[Site "Nikaia"]
[Date "2017.09.01"]
[Round "7.13"]
[White "Delithanasis, Dimitrios"]
[Black "Krallis, Christos"]
[Result "1-0"]
[WhiteElo "2007"]
[BlackElo "2148"]
[PlyCount "55"]
[EventDate "2017.08.26"]

1. c4 c5 2. Nf3 Nc6 3. d4 cxd4 4. Nxd4 g6 5. e4 Bg7 6. Be3 Nf6 7. Nc3 O-O 8.
Be2 d6 9. O-O Bd7 10. Qd2 Nxd4 11. Bxd4 Bc6 12. f3 a5 13. b3 Nd7 14. Be3 Nc5
15. Rab1 Be5 16. Bh6 Bg7 17. Bxg7 Kxg7 18. Rfd1 Qb6 19. Qd4+ f6 20. Nd5 Bxd5
21. exd5 Nd7 22. f4 Qxd4+ 23. Rxd4 a4 24. bxa4 Nc5 25. Bd1 Ra5 26. Rd2 Rfa8 27.
Rbb2 Kf8 28. Bc2 1-0

[Event "25th International Tournament Nikaia"]
[Site "Nikaia"]
[Date "2017.09.01"]
[Round "7.14"]
[White "Kosmas-Lekkas, Dimitrios"]
[Black "Stamatakis, Georgios"]
[Result "1/2-1/2"]
[WhiteElo "2143"]
[BlackElo "1878"]
[PlyCount "55"]
[EventDate "2017.08.26"]

1. d4 d5 2. c4 c6 3. Nf3 Nf6 4. e3 Bf5 5. Nc3 e6 6. Qb3 Qc7 7. Nh4 Be4 8. cxd5
cxd5 9. Bd2 Nc6 10. Rc1 Be7 11. Be2 O-O 12. Nf3 Rfc8 13. O-O Qb8 14. Na4 Nd7
15. a3 a6 16. Nb6 Nxb6 17. Qxb6 Bd8 18. Qb3 Na5 19. Bxa5 Bxf3 20. Bxf3 Bxa5 21.
e4 Rxc1 22. Rxc1 Qf4 23. Qc2 Rd8 24. Rd1 g6 25. exd5 exd5 26. Qb3 b5 27. g3 Qd6
28. Kg2 1/2-1/2